[Event "AUTO-INT-723"]
[Site "http://www.queenalice.com/game.php?id=322628"]
[Date "2007.12.19"]
[Round "1"]
[White "carpe_diem"]
[Black "Bishop10186"]
[Result "0-1"]
[WhiteElo "1484"]
[BlackElo "1628"]

1. e4 e5 2. Nf3 Nf6 3. Nxe5 d6 4. Nf3 Nxe4 5. Qe2 Qe7 6. d3 Nf6 7. g3 Bg4 8.
Nbd2 Qxe2+ 9. Bxe2 Be7 10. O-O O-O 11. Re1 Nbd7 12. b3 c5 13. c4 d5 14. Bb2 d4
15. Ng5 Rae8 16. Nde4 Bxe2 17. Rxe2 Nxe4 18. Nxe4 f5 19. Nd2 Bg5 20. Rxe8 Rxe8
21. Nf3 Bf6 22. Ba3 g5 23. Rf1 Re2 24. Ra1 g4 25. Nh4 Bxh4 26. Rf1 Bd8 27. Kg2
Ba5 28. Bc1 Ne5 0-1

[Event "AUTO-INT-723"]
[Site "http://www.queenalice.com/game.php?id=322629"]
[Date "2007.12.19"]
[Round "1"]
[White "Bishop10186"]
[Black "carpe_diem"]
[Result "1-0"]
[WhiteElo "1614"]
[BlackElo "1484"]

1. e4 e5 2. Nf3 Nc6 3. Bb5 a6 4. Ba4 Nf6 5. O-O Be7 6. Re1 b5 7. Bb3 O-O 8. c3
d6 9. h3 Bd7 10. d4 h6 11. Nbd2 Na5 12. Bc2 c6 13. dxe5 dxe5 14. Nxe5 Bd6 15.
Nef3 Bc7 16. b4 Nb7 17. Bb2 Nh5 18. Nd4 Qf6 19. Qxh5 Qf4 20. N2f3 Nd6 21. Qh4
Qxh4 22. Nxh4 f6 23. Bb3+ Kh8 24. Ng6+ 1-0

[Event "AUTO-INT-723"]
[Site "http://www.queenalice.com/game.php?id=322644"]
[Date "2007.12.19"]
[Round "1"]
[White "spacey"]
[Black "Bishop10186"]
[Result "1-0"]
[WhiteElo "1750"]
[BlackElo "1692"]

1. e4 e5 2. f4 d5 3. Nf3 dxe4 4. Nxe5 Nd7 5. Nxd7 Bxd7 6. Nc3 Nf6 7. d3 Bb4 8.
Bd2 Qe7 9. Qe2 Bg4 10. Qe3 O-O-O 11. h3 Bd7 12. O-O-O Rhe8 13. Qxa7 Bc6 14. dxe4
Bc5 15. Qa8+ Kd7 16. Be3+ Bd6 17. Qa5 Ra8 18. Qf5+ Qe6 19. Qxe6+ Kxe6 20. e5
Bxe5 21. fxe5 Nd5 22. Nxd5 Bxd5 23. a3 Kxe5 24. Rg1 Kd6 25. Bf4+ Kc6 26. Bb5+
Kxb5 27. Rxd5+ Kc6 28. Rgd1 f6 29. R5d3 b6 30. Rc3+ 1-0

[Event "AUTO-INT-723"]
[Site "http://www.queenalice.com/game.php?id=322645"]
[Date "2007.12.19"]
[Round "1"]
[White "Bishop10186"]
[Black "spacey"]
[Result "1-0"]
[WhiteElo "1691"]
[BlackElo "1816"]

1. e4 e6 2. d4 d5 3. Nc3 Nf6 4. Bg5 dxe4 5. Nxe4 Be7 6. Bxf6 Bxf6 7. Nf3 O-O 8.
Bc4 Nc6 9. c3 Ne7 10. O-O Nd5 11. Re1 b6 12. Nxf6+ Nxf6 13. Ne5 Bb7 14. Qd2 Nd5
15. Rad1 c6 16. Bb3 a5 17. a3 a4 18. Bc2 Nf6 19. Re3 Qd5 20. Rh3 c5 21. f3 Rad8
22. Rg3 g6 23. Re1 cxd4 24. cxd4 Rc8 25. Ng4 Nxg4 26. Rxg4 f5 27. Rh4 b5 28. Re5
Qc6 29. Re2 Rf7 30. Rh3 g5 31. Qxg5+ Rg7 32. Qf4 Re8 33. Qe5 Rg6 34. Bxf5 exf5
35. Qxe8+ Qxe8 36. Rxe8+ Kf7 37. Re5 h6 38. Rxf5+ Kg7 39. Rg3 Rxg3 40. hxg3 Bc6
41. d5 Bd7 42. Rf4 Kg6 43. Kf2 1-0

[Event "AUTO-INT-757"]
[Site "http://www.queenalice.com/game.php?id=338872"]
[Date "2008.1.19"]
[Round "1"]
[White "weber"]
[Black "Bishop10186"]
[Result "0-1"]
[WhiteElo "1436"]
[BlackElo "1685"]

1. e4 e5 2. Nf3 d6 3. Qe2 Nf6 4. Qb5+ Nc6 5. Nc3 a6 6. Qe2 Bg4 7. h3 Bh5 8. d3
Nd4 9. Qd2 Bxf3 10. Be2 Bxe2 11. Nxe2 Nxe2 12. Qxe2 Be7 13. Bg5 O-O 14. Qd2 c6
15. O-O d5 16. exd5 cxd5 17. Rae1 Nd7 18. Bxe7 Qxe7 19. d4 e4 0-1

[Event "AUTO-INT-757"]
[Site "http://www.queenalice.com/game.php?id=338873"]
[Date "2008.1.19"]
[Round "1"]
[White "Bishop10186"]
[Black "weber"]
[Result "1-0"]
[WhiteElo "1678"]
[BlackElo "1443"]

1. e4 e5 2. Nf3 Nc6 3. Bb5 Qf6 4. Nc3 a6 5. Ba4 Bb4 6. Nd5 Qd8 7. Bxc6 dxc6 8.
Nxb4 c5 9. Nd3 c4 10. Ndxe5 Be6 11. Qe2 f6 12. Nxc4 Nh6 13. d4 c6 14. O-O b5 15.
Ne3 Qc7 16. h3 O-O 17. b3 Rad8 18. Bb2 Rd6 19. Ba3 1-0

[Event "Challenge"]
[Site "http://www.queenalice.com/game.php?id=387425"]
[Date "2008.4.14"]
[Round "-"]
[White "rdaigle2003"]
[Black "Bishop10186"]
[Result "1-0"]
[WhiteElo "1607"]
[BlackElo "1712"]

1. e4 e6 2. d3 d5 3. Nc3 Nf6 4. e5 Nfd7 5. d4 c5 6. Bb5 cxd4 7. Bxd7+ Bxd7 8.
Nxd5 exd5 9. Qxd4 Be6 10. Ne2 Nc6 11. Qd1 Nxe5 12. Bf4 Bd6 13. Qd4 f6 14. Qa4+
Nc6 15. Nd4 1-0

[Event "AUTO-INT-723"]
[Site "http://www.queenalice.com/game.php?id=395956"]
[Date "2008.4.30"]
[Round "2"]
[White "Bishop10186"]
[Black "morfeo"]
[Result "1-0"]
[WhiteElo "1718"]
[BlackElo "1503"]

1. e4 e5 2. Nf3 Qf6 3. Nc3 b6 4. Nd5 Qc6 5. Nxe5 Qe6 6. Nxc7+ Ke7 7. Nxe6 dxe6
8. d4 f6 9. Nf3 Nc6 10. d5 Nb4 11. Bd2 Na6 12. Bxa6 Bxa6 13. Bb4+ Kf7 14. dxe6+
Ke8 15. Qd7# 1-0

[Event "AUTO-INT-723"]
[Site "http://www.queenalice.com/game.php?id=395957"]
[Date "2008.4.30"]
[Round "2"]
[White "morfeo"]
[Black "Bishop10186"]
[Result "1-0"]
[WhiteElo "1525"]
[BlackElo "1725"]

1. e4 c5 2. Nc3 Nc6 3. Nf3 g6 4. g3 Bg7 5. Bc4 e6 6. Nb5 d5 7. exd5 exd5 8. Qe2+
Nge7 9. Bxd5 a6 10. Nc3 O-O 11. Be4 Bg4 12. h3 Bxf3 13. Qxf3 Qd7 14. b3 1-0

[Event "AUTO-INT-723"]
[Site "http://www.queenalice.com/game.php?id=395958"]
[Date "2008.4.30"]
[Round "2"]
[White "Bishop10186"]
[Black "joaoreis001"]
[Result "0-1"]
[WhiteElo "1702"]
[BlackElo "1928"]

1. e4 e5 2. Nf3 f5 3. Nxe5 Nf6 4. exf5 d6 5. Nf3 Bxf5 6. Nc3 Qe7+ 7. Be2 Nc6 8.
O-O O-O-O 9. d4 Nb4 10. Ne1 Re8 11. Be3 h5 12. Nd3 d5 13. a3 Nxd3 14. Bxd3 Ne4
15. Nxd5 Qd6 16. Nc3 h4 17. Qf3 h3 18. Nxe4 Qd5 19. Nc3 Qxf3 20. gxf3 g6 21.
Bxf5+ gxf5 22. Kh1 c6 23. d5 Rg8 24. Rg1 Bd6 25. Rxg8 Rxg8 26. Rg1 Rxg1+ 27.
Kxg1 c5 0-1

[Event "AUTO-INT-723"]
[Site "http://www.queenalice.com/game.php?id=395959"]
[Date "2008.4.30"]
[Round "2"]
[White "joaoreis001"]
[Black "Bishop10186"]
[Result "0-1"]
[WhiteElo "1667"]
[BlackElo "1701"]

1. e4 e6 2. e5 d5 3. exd6 Bxd6 4. Bc4 Nf6 5. d4 O-O 6. Nf3 Nc6 7. O-O Re8 8. Bg5
b6 9. d5 Ne5 10. Nd4 Nxc4 11. b3 Ne5 12. f4 Neg4 13. Nc6 Qd7 14. c4 Ne3 15. Qe2
Nxf1 16. Kxf1 exd5 17. Ne5 Bxe5 18. fxe5 Qf5+ 19. Qf3 Qxg5 20. exf6 Qe5 21. Nd2
Qxa1+ 22. Kf2 Qe1# 0-1

[Event "AUTO-INT-757"]
[Site "http://www.queenalice.com/game.php?id=412976"]
[Date "2008.6.4"]
[Round "2"]
[White "GreyRaven"]
[Black "Bishop10186"]
[Result "1-0"]
[WhiteElo "1781"]
[BlackElo "1715"]

1. e4 c5 2. Nf3 Nc6 3. d4 cxd4 4. Nxd4 Nf6 5. Nc3 e5 6. Ndb5 d6 7. Bg5 a6 8. Na3
Be7 9. Bxf6 gxf6 10. Be2 b5 11. Nd5 f5 12. Nxe7 Qa5+ 13. c3 Nxe7 14. Qxd6 Bd7
15. Qxe5 Rg8 16. O-O fxe4 17. g3 Be6 18. Qxe4 Rd8 19. Rfd1 Bf5 20. Rxd8+ Kxd8
21. Rd1+ Bd7 22. Qxh7 Ke8 23. Bh5 Qb6 24. Qxf7+ Kd8 25. Bg4 Rxg4 26. Qf8+ Kc7
27. Qxe7 1-0

[Event "AUTO-INT-757"]
[Site "http://www.queenalice.com/game.php?id=412977"]
[Date "2008.6.4"]
[Round "2"]
[White "Bishop10186"]
[Black "GreyRaven"]
[Result "0-1"]
[WhiteElo "1732"]
[BlackElo "1719"]

1. e4 c5 2. Nf3 Nc6 3. d4 cxd4 4. Nxd4 e6 5. Nc3 a6 6. Be3 Nf6 7. Bd3 d5 8. O-O
Be7 9. exd5 Nxd5 10. Nxd5 exd5 11. Re1 O-O 12. Qh5 g6 13. Qh6 Bf6 14. c3 Nxd4
15. Bxd4 Bxd4 16. cxd4 Qb6 17. Re3 Qxb2 18. Rf1 Qxd4 19. Rfe1 Be6 20. Qg5 Rac8
21. Bxg6 fxg6 22. Rxe6 Qxf2+ 23. Kh1 Qf1+ 0-1

[Event "AUTO-INT-757"]
[Site "http://www.queenalice.com/game.php?id=412979"]
[Date "2008.6.4"]
[Round "2"]
[White "Bishop10186"]
[Black "Wenderson"]
[Result "1-0"]
[WhiteElo "1716"]
[BlackElo "1724"]

1. e4 e5 2. Nf3 Nc6 3. Bb5 d6 4. d4 Bd7 5. Nc3 Nf6 6. O-O Be7 7. Re1 O-O 8. Bxc6
bxc6 9. dxe5 dxe5 10. Nxe5 Be6 11. Nxc6 Qxd1 12. Nxe7+ Kh8 13. Rxd1 Rad8 14. Bg5
Rxd1+ 15. Rxd1 Rb8 16. Nc6 Rxb2 17. Ne7 h6 18. Be3 1-0